=LDR 00000nam 2200000 4500 =001 NUTBA000000000005666 =005 20141105105421.0 =006 =007 =008 =035 ##$$0010-111400000000145 =082 ##$$a 372.7 =090 ##$$a 372.7 $b int b =100 ##$$a intan putri $t belajar matematika TK A =245 ##$$a belajar matematika TK A =260 ##$$a yogyakarta $b idea world kidz $c 2011 =300 ##$$a 50 hlm $b ilus $c 28 cm =850 ##$$a NBPMAT =990 ##$$a 0001/BPAP-NTB/20142014 =990 ##$$a 0001/BPAP-NTB/20142014 =990 ##$$a 0001/BPAP-NTB/2015 =990 ##$$a 0001/BPAP-NTB/2015 =990 ##$$a 0001/BPAP-NTB/20142014 =990 ##$$a 0001/BPAP-NTB/20142014